000
00321nas a2200145 a 4500
001
71542
003
145620
005
20201118110938.0
008
||||||n9999 ||| || ||
245
0
_a
Sintesis Economica - No.939
260
_c
1994.
562
_e
1
773
_0
16191
_a
Sintesis Economica
942
_c
SISS
999
_c
71542
_d
71542